[Event "WYCC 2018 O18"]
[Site "Halkidiki"]
[Date "2018.10.22"]
[Round "4"]
[White "Gholami, Aryan"]
[Black "Zhu, Brandon"]
[Result "1-0"]
[WhiteElo "2493"]
[BlackElo "1914"]
[Annotator "TA"]
[PlyCount "57"]
[EventDate "2018.10.20"]
[EventType "swiss"]
[EventCountry "GRE"]
[SourceTitle "playchess.com"]
[Source "ChessBase"]
[SourceQuality "1"]

{[%evp 14,57,24,4,11,19,19,24,62,27,79,75,77,64,59,50,119,108,129,106,165,130,220,229,243,200,219,223,506,502,470,291,207,0,478,489,497,496,495,480,435,461,854,831,810,808]} 1. d4 Nf6 2. Nf3 e6 3. Bf4 d5 4. e3 Bd6 5. Bd3 O-O 6. O-O {D02: Damenbauernspiele} c5 7. dxc5 (7. c3 Bxf4 8. exf4 Qb6 9. Qe2 cxd4 10. cxd4 Nc6 11. Rd1 g6 12. g3 Bd7 13. Nc3 {1-0 (37) Petrosian,T (2589)-Sethuraman,S (2646) Moscow 2018}) 7... Bxc5 8. Nc3 {LiveBook: 14 Partien. Weiß hat minimalen Vorteil.} a6 9. e4 dxe4 10. Nxe4 Be7 11. c4 $146 ({Vorgänger:} 11. Qe2 Nd5 12. Bd2 {1-0 (30) Kasimov,R (2165)-Dvinskikh,L (2064) Kirov 2012}) 11... Nxe4 (11... Nh5 $11 {hält das Gleichgewicht.} 12. Be3 f5) 12. Bxe4 $16 Nd7 13. Qe2 $36 {[%mdl 2048] Weiss kämpft um Vorteil.} Nf6 14. Bc2 Qa5 ({Besser ist} 14... b5 $14) 15. Ne5 Rd8 16. a3 Qc5 (16... Bd7 $16 {ist wohl besser.}) 17. Rad1 Rxd1 (17... Bd7 $16 {war nötig.} 18. Nxd7 Rxd7 19. Rxd7 Nxd7) 18. Rxd1 $18 a5 19. Ba4 h6 20. h3 Qc7 $2 {[#]} (20... Qb6 21. Qc2 Qc5) 21. Ng6 $1 {[%mdl 512]} Qc5 (21... fxg6 22. Bxc7) 22. Be3 Qc7 23. Bf4 $2 (23. Bb6 Qxb6 24. Nxe7+ Kf8 25. Qe5 (25. Nxc8 Rxc8 26. Rd2 Qc7 $11)) 23... Qc5 24. Nxe7+ {Weiß steht klar auf Gewinn.} Qxe7 25. Bd6 Qd8 26. Be5 Qe7 27. Qd3 Nh7 (27... Kh8 $142 28. Bc2 Qd7) 28. Qd8+ Qf8 29. Qc7 {Precision: Weiß = 66%, Schwarz = 30%.} 1-0

[Event "WYCC 2018 O18"]
[Site "Halkidiki"]
[Date "2018.10.22"]
[Round "4"]
[White "Costachi, Mihnea"]
[Black "Tsomaia, Nikoloz"]
[Result "1/2-1/2"]
[WhiteElo "2484"]
[BlackElo "2201"]
[Annotator "TA"]
[PlyCount "149"]
[EventDate "2018.10.20"]
[EventType "swiss"]
[EventCountry "GRE"]
[SourceTitle "playchess.com"]
[Source "ChessBase"]
[SourceQuality "1"]

{[%evp 24,149,72,75,128,137,137,134,136,133,157,104,106,98,103,78,78,78,78,71,79,34,28,38,44,44,50,45,43,45,43,38,39,41,48,0,39,22,52,44,51,36,45,40,66,50,56,0,60,58,60,65,57,0,0,0,50,27,26,26,73,68,87,41,50,17,10,12,16,29,41,0,21,0,88,83,97,85,133,0,0,0,0,0,0,0,0,0,0,0,0,0,0,0,0,0,0,-6,0,-33,-25,-35,0,-24,0,-164,-11,-7,0,0,0,0,0,-1,0,0,0,-59,0,-18,-18,-18,0,-6,0,-26,0,-35]} 1. d4 {Pavlovic,M} Nf6 2. c4 g6 3. Nc3 Bg7 4. e4 d6 5. Nf3 O-O 6. h3 c5 7. d5 e6 8. Bd3 exd5 9. exd5 Re8+ 10. Be3 Rxe3+ {E90: King's Indian: Classical: Early deviations and 6 h3} 11. fxe3 Qe7 12. O-O Nbd7 13. Qd2 {LiveBook: 10 Games} Ne5 (13... Nh5 $142) 14. Nxe5 $16 Qxe5 {[#]} 15. Rf3 $1 {[#]} Nd7 $146 ({Predecessor:} 15... Bd7 16. Raf1 Rf8 17. Qf2 Qe7 18. Rxf6 Bxf6 19. Qxf6 Qxe3+ {1-0 (33) Gelfand,B (2755)-Morozevich,A (2760) Moscow 2013 CBM 155 [Pavlovic,M]}) 16. Raf1 f5 17. Kh1 ({Better is} 17. e4 {[%cal Re4f5]} Qd4+ 18. Kh1) 17... Qe7 18. e4 Ne5 19. R3f2 {[%cal Re4f5]} f4 20. Rxf4 {Strongly threatening R4f2.} Bh6 21. Be2 Bd7 22. Qe1 Bxf4 23. Rxf4 Rf8 24. Qg3 Qd8 25. Kg1 Rxf4 26. Qxf4 Qb6 27. b3 Qa5 28. Qd2 Qd8 29. Qf4 Qa5 30. Qe3 Kg7 31. Kf1 h6 32. Ke1 a6 33. Qd2 Qb4 34. Nb1 Qb6 35. Nc3 Qb4 36. Nd1 Qb6 37. Nf2 Qd8 38. Qf4 Qa5+ 39. Qd2 Qd8 $1 40. b4 {Threatens to win with bxc5.} b6 41. Kf1 cxb4 42. Qxb4 Qc7 43. Qb2 Kh7 44. Nd3 {Hoping for Nxe5.} Nxc4 45. Qf6 {Qf7+ is the strong threat.} Be8 46. Kg1 Qg7 47. Qf2 (47. Qd8 $5 {[%cal Rd8e8]} Bf7 48. Qc7 $16) 47... b5 48. Nf4 Ne5 (48... Bf7 $11 {keeps the balance.}) 49. Ne6 Qe7 50. Qb6 Bf7 {[#]} 51. Qc7 (51. Qd8 $1 $16 {[%cal Rd8e7]} Qxd8 52. Nxd8) 51... Qh4 $11 52. Qxd6 Qxe4 53. Bf1 {Black must now prevent Qf8.} Qe3+ 54. Kh2 Bxe6 55. Qxe6 Qf4+ 56. Kg1 Qd4+ 57. Kh1 Qf4 58. Qe7+ Kg8 59. Qe8+ Kg7 60. Qe7+ Nf7 61. Bd3 Qc1+ 62. Kh2 Qf4+ (62... Qc3 $5 {[%cal Rc3d3]} 63. Be2 g5 $11) 63. Kh1 Qf6 64. Qb7 $2 (64. Qc5 $11 {and White has nothing to worry.}) 64... h5 $2 ({Black should try} 64... Qa1+ $19 65. Kh2 Qd4) 65. Qc6 Ne5 66. Qc7+ Kh6 67. Be2 Nf7 68. Qc1+ Qg5 69. Qc5 {aiming for Qf8+.} Kg7 70. Qc6 (70. Bd3 $11) 70... Qf6 (70... Qd2 $15 71. Bf3 Qxa2 72. Qc3+ Kg8) 71. Bf3 Qa1+ 72. Kh2 Qe5+ 73. Kh1 Qd6 74. Qe8 Qf6 75. Qc6 {Precision: White = 51%, Black = 52%.} 1/2-1/2

[Event "WYCC 2018 O18"]
[Site "Halkidiki"]
[Date "2018.10.22"]
[Round "4"]
[White "Radovanovic, Mihajlo"]
[Black "Goncalves, Davi Sulzbacher"]
[Result "1-0"]
[WhiteElo "2466"]
[BlackElo "2177"]
[Annotator "TA"]
[PlyCount "53"]
[EventDate "2018.10.20"]
[EventType "swiss"]
[EventCountry "GRE"]
[SourceTitle "playchess.com"]
[Source "ChessBase"]
[SourceQuality "1"]

{[%evp 24,53,31,2,52,10,133,129,118,115,151,144,214,135,302,291,656,668,738,742,792,797,803,797,737,507,828,824,922,790,29989,1109]} 1. Nf3 c5 2. g3 Nc6 3. Bg2 g6 4. O-O Bg7 5. e4 e6 6. d3 Nge7 7. c3 d5 8. Nbd2 {[%cal Bb1d2,Bd2f1,Bf1h2,Bh2g4][%mdl 32]} O-O 9. Re1 Qc7 10. Qe2 b6 11. e5 Ba6 12. Nf1 h6 13. h4 {LiveBook: 5 Partien. A08: Königsindisch im Anzug} b5 14. Bf4 d4 (14... b4 $11 {hält das Gleichgewicht.}) (14... b4 15. Qd2 Kh7 16. N1h2 Rfe8 17. Ng4 Nf5 18. Bh3 bxc3 19. bxc3 {0-1 (56) Bader,G (2105)-Gschnitzer,A (2394) Schwaebisch Gmuend 2018}) 15. cxd4 $146 {Weiß steht deutlich besser.} ({Vorgänger:} 15. c4 bxc4 16. dxc4 Nd5 17. b3 Nxf4 18. gxf4 {1-0 (34) Sukhov,M (2098)-Tashimova,N (2094) Pavlodar 2007}) 15... cxd4 16. Qd2 Kh7 17. N1h2 Nd5 (17... Qa5 $16 {war angesagt.}) 18. Rec1 {Droht Sxd4! und aus.} Qb6 $2 (18... Qd7 $16) 19. Ng4 $18 {[%cal Rf4h6]} Nxf4 $2 {[#]} (19... h5) 20. Rxc6 $1 ({Nicht} 20. Qxf4 Bb7 $16) 20... Nh3+ 21. Kh2 Qxc6 {[#]} 22. Ng5+ $1 {[%mdl 512]} Nxg5 (22... hxg5 23. Bxc6) 23. Bxc6 Rac8 24. hxg5 Rxc6 (24... h5 $142 25. Be4 hxg4) 25. gxh6 Bh8 26. Rc1 Rfc8 27. Qf4 {Precision: Weiß = 67%, Schwarz =  2%.} (27. Rxc6 $142 Rxc6 28. Qg5 Rc2 29. Qe7 Rxf2+ 30. Nxf2 Kxh6 31. Qxf7 Bg7 32. Qxe6) 1-0

[Event "WYCC 2018 O18"]
[Site "Halkidiki"]
[Date "2018.10.22"]
[Round "4"]
[White "Janik, Igor"]
[Black "Gazik, Viktor"]
[Result "1-0"]
[WhiteElo "2453"]
[BlackElo "2486"]
[Annotator "TA"]
[PlyCount "75"]
[EventDate "2018.10.20"]
[EventType "swiss"]
[EventCountry "GRE"]
[SourceTitle "playchess.com"]
[Source "ChessBase"]
[SourceQuality "1"]

{[%evp 26,75,27,-12,-15,-27,-17,-16,-17,-17,-5,-18,-18,-18,0,-48,-60,-56,0,0,0,-16,0,0,0,0,85,78,85,60,133,135,131,125,197,230,206,196,443,472,471,470,406,464,459,467,455,447,516,502,712,668]} 1. d4 Nf6 2. c4 c5 3. d5 e6 4. Nf3 d6 5. Nc3 exd5 6. cxd5 g6 7. g3 Bg7 8. Bg2 O-O 9. O-O Na6 10. Nd2 Nc7 11. a4 b6 12. Nc4 Ba6 13. Qb3 Qd7 {A62: Modern Benoni: Fianchetto Variation without early ...Nbd7} 14. Bf4 {LiveBook: 3 Games} Nh5 (14... Bxc4 15. Qxc4 a6 16. Bg5 h6 17. Bd2 b5 18. Qd3 c4 19. Qc2 Ng4 20. h3 Nf6 21. e4 {0-1 (51) Ivlev,A (2326)-Shcherbakov,R (2516) Sochi 2018}) 15. Bd2 f5 {Black has an edge.} 16. Bf3 Nf6 17. Bf4 Bxc4 18. Qxc4 a6 19. Qd3 $146 ({Predecessor:} 19. Qb3 b5 20. axb5 axb5 21. Rxa8 Rxa8 {0-1 (48) Ivanda,B (2270)-Ljubicic,F (2396) Kastel Stari 1999}) 19... b5 {[%cal Bb6b5,Bb5b4][%mdl 32]} 20. b3 b4 21. Nd1 Ne4 (21... Nh5 $15 22. Rb1 Nxf4 23. gxf4 Qe7) 22. Rc1 $11 Rae8 23. Rc4 {[%cal Rf3e4]} Qe7 24. h4 Na8 25. Rc2 Nb6 (25... Nc7 $11 {keeps the balance.}) 26. Qxa6 $16 Nxd5 {[#]} 27. Bxd6 $1 {[%mdl 512]} Qe6 (27... Nxd6 $14 28. Bxd5+ Kh8) 28. Bxe4 $1 fxe4 29. Rxc5 {Strongly threatening Qc4.} e3 (29... Bd4 $16 {was worth a try.} 30. Rc6 Rf6) 30. Qc4 $18 exf2+ {[#]} 31. Kg2 $1 ({Resist} 31. Nxf2 $6 Qxd6 32. Qxd5+ Qxd5 $16) 31... Rf5 $2 (31... Qxd6 {might work better.} 32. Rxd5 (32. Qxd5+ Qxd5+ 33. Rxd5 Rxe2 $14) 32... Qe6 33. Rxf2 Rxf2+ 34. Nxf2 Bf8) 32. g4 Nf4+ 33. Bxf4 Rxc5 34. Qxc5 Qxg4+ {White is clearly winning.} 35. Bg3 Qe4+ 36. Kh2 Qxe2 37. Qxf2 Qe6 38. Re1 {Precision: White = 89%, Black = 40%.} 1-0

[Event "WYCC 2018 O18"]
[Site "Halkidiki"]
[Date "2018.10.22"]
[Round "4"]
[White "Gumularz, Szymon"]
[Black "Haug, Johannes"]
[Result "1/2-1/2"]
[WhiteElo "2441"]
[BlackElo "2391"]
[Annotator "TA"]
[PlyCount "73"]
[EventDate "2018.10.20"]
[EventType "swiss"]
[EventCountry "GRE"]
[SourceTitle "playchess.com"]
[Source "ChessBase"]
[SourceQuality "1"]

{[%evp 24,73,10,18,31,32,38,16,19,25,35,6,9,0,20,21,36,21,22,4,50,38,59,58,61,59,44,52,74,5,2,0,0,0,0,0,25,0,0,0,0,0,0,0,0,0,0,0,0,0,0,0]} 1. d4 Nf6 2. c4 e6 3. Nc3 Bb4 4. e3 O-O 5. Bd3 d5 6. Nf3 dxc4 7. Bxc4 c5 8. O-O b6 9. a3 Bxc3 10. bxc3 Bb7 11. Re1 Qc7 12. Bd3 Be4 {E54: Nimzoindisch (Moderne Variante)} 13. Bf1 {[#] LiveBook: 5 Partien} Bb7 $146 ({Vorgänger:} 13... Nc6 14. Bb2 Rad8 15. Nd2 Bg6 16. Qf3 e5 17. Rac1 Rfe8 18. Nb3 Ne4 19. Qh3 Qb7 20. Ba1 {0-1 (42) Blomqvist,E (2454)-Swiercz,D (2585) Golden Sands 2012}) 14. Ne5 Rd8 {Weiß steht etwas besser.} 15. f3 Ba6 16. Bxa6 Nxa6 17. Qe2 Nb8 18. e4 Nbd7 19. Nd3 Rac8 20. Bg5 h6 21. Bh4 {Droht e5.} Re8 22. a4 cxd4 23. cxd4 a5 24. Rac1 Qb7 25. Qb2 Rc6 26. Bxf6 (26. Rxc6 $16 Qxc6 27. Qb3) 26... Nxf6 $11 27. Ne5 Rxc1 $1 28. Rxc1 Rc8 29. Kf2 Nd7 (29... Rxc1 {is more complex.} 30. Qxc1 b5 31. axb5 Qxb5 32. Qc7 Qb2+) 30. Nxd7 (30. Nc4 {seems wilder.} Qc7 31. g3 e5 32. d5 Qc5+ 33. Ke2) 30... Qxd7 {Die Stellung ist ausgeglichen.} 31. Rxc8+ Qxc8 {[%mdl 4096] Endspiel KD-KD} 32. Qb5 g5 33. d5 {[#] Und Dc6 würde nun gewinnen.} Qc2+ 34. Ke3 Qc1+ 35. Ke2 Qc2+ 36. Ke3 Qc1+ 37. Ke2 {Precision: Weiß = 62%, Schwarz = 53%.} 1/2-1/2

[Event "WYCC 2018 O18"]
[Site "Halkidiki"]
[Date "2018.10.22"]
[Round "4"]
[White "Fawzy, Adham"]
[Black "Van Foreest, Lucas"]
[Result "0-1"]
[WhiteElo "2439"]
[BlackElo "2499"]
[Annotator "TA"]
[PlyCount "76"]
[EventDate "2018.10.20"]
[EventType "swiss"]
[EventCountry "GRE"]
[SourceTitle "playchess.com"]
[Source "ChessBase"]
[SourceQuality "1"]

{[%evp 18,76,-20,-4,9,-18,-11,-11,-17,-15,0,0,0,0,0,0,0,0,0,0,1,0,0,0,0,0,0,-21,-29,-31,-16,-52,-52,-52,-53,-106,-106,-106,-106,-95,-105,-108,-120,-137,-116,-267,-264,-256,-253,-283,-277,-481,-468,-528,-515,-525,-522,-892,-880,-875,-858]} 1. e4 e5 2. Nf3 Nc6 3. Bb5 a6 4. Bxc6 dxc6 5. O-O Bg4 6. h3 h5 7. d3 Qf6 8. Be3 Bxf3 9. Qxf3 Qxf3 10. gxf3 {LiveBook: 210 Games} f5 {C68: Ruy Lopez: Exchange Variation, sidelines} (10... Bd6 11. Nd2 Ne7 12. Rfb1 Ng6 13. Kf1 c5 14. Nc4 Be7 15. a3 a5 16. b4 axb4 17. axb4 Rxa1 18. Rxa1 cxb4 19. Ra8+ Bd8 20. Na5 b6 {½-½ (40) Solak,D (2641)-Ding,L (2783) Khanty-Mansiysk 2017}) 11. exf5 $146 ({Predecessor:} 11. f4 fxe4 12. dxe4 exf4 13. Bxf4 O-O-O 14. Nc3 Nh6 15. Rad1 Re8 16. Kh1 Nf7 17. Rg1 Rg8 18. Rg6 {0-1 (41) Rosner,J (2366)-Heimann,A (2589) Baden 2017}) 11... Ne7 12. f4 exf4 {The position is equal.} 13. Bxf4 Nxf5 14. Re1+ Kd7 {[#] White must now prevent ...Nd4.} 15. Nd2 Bd6 16. Re4 Rae8 17. Bg5 Rhf8 18. Kg2 Re6 19. Rxe6 Kxe6 20. Ne4 Nd4 21. c3 Nf3 22. h4 Rf5 23. Rh1 b6 24. Rh3 Ne1+ 25. Kf1 Rf3 $1 $36 {[%cal Rf3h3][%mdl 2048] Black is pushing.} 26. Rh1 ({White should play} 26. Rxf3 $15 Nxf3 27. Bd8) 26... Nxd3 $17 27. Ke2 Ne5 28. Be3 {Threatens to win with Ng5+.} Be7 29. Rg1 {[#]} g6 $1 30. Bg5 Rf5 31. b3 $2 (31. Rg3 $17) 31... Nf3 $19 32. Rg3 {Hoping for Bxe7.} Bxg5 ({Less strong is} 32... Nxh4 33. Bxh4 Bxh4 34. Rxg6+ Kd7 35. Ke3 $15) 33. hxg5 {[%mdl 4096] Endgame KRN-KRN} Ke5 34. Ke3 $2 (34. Rxf3 Kxe4 35. Rh3) 34... Nh2 {Black is clearly winning.} 35. Kd3 Kf4 36. c4 {Now Nc3 and White clings on.} Ng4 37. Rh3 Ne5+ 38. Kd4 c5+ {Precision: White = 40%, Black = 76%.} 0-1

[Event "WYCC 2018 O18"]
[Site "Halkidiki"]
[Date "2018.10.22"]
[Round "4"]
[White "Parvanyan, Ashot"]
[Black "Shevchenko, Kirill"]
[Result "1/2-1/2"]
[WhiteElo "2428"]
[BlackElo "2549"]
[Annotator "TA"]
[PlyCount "74"]
[EventDate "2018.10.20"]
[EventType "swiss"]
[EventCountry "GRE"]
[SourceTitle "playchess.com"]
[Source "ChessBase"]
[SourceQuality "1"]

{[%evp 18,74,-18,-36,-16,-58,-56,-54,-56,-60,0,0,0,0,0,0,0,0,0,3,3,0,15,-94,-90,-91,-86,-103,-75,-106,-89,-101,-74,-87,0,0,0,0,0,0,20,20,20,-52,-31,-20,-24,-22,0,0,0,0,0,0,0,0,0,0,0]} 1. e4 e5 2. Nf3 Nc6 3. d4 exd4 4. Nxd4 Nf6 5. Nxc6 bxc6 6. e5 Qe7 7. Qe2 Nd5 8. h4 a5 {C45: Scotch Game} (8... Qe6 9. g3 Nb4 10. c4 Ba6 11. Bf4 d5 12. a3 Bxc4 13. Qd1 Bxf1 14. Kxf1 Na6 15. Nc3 Nc5 16. b4 {1-0 (32) Tomczak,J (2614)-Kramnik,V (2779) Batumi 2018}) 9. c4 Nb6 10. Nc3 {LiveBook: 3 Games} Qe6 {Black is slightly better.} 11. Qe4 $146 ({Predecessor:} 11. Rh3 Ba6 12. b3 a4 13. Bb2 Bb4 14. O-O-O O-O 15. Ne4 axb3 16. axb3 {0-1 (28) Haussernot,C (2146)-Unuk,L (2362) Valencia 2018}) 11... Ba6 {[%cal Ra6c4]} 12. b3 Bb4 13. Bd2 Bxc3 (13... O-O $1 $15 14. Bd3 f5 15. exf6 Qxe4+ 16. Nxe4 d5 17. Bxb4 axb4) 14. Bxc3 $11 d5 15. cxd5 $1 cxd5 16. Qe3 Bxf1 17. Kxf1 Nd7 18. Bd4 O-O $36 {[%mdl 2048] Black fights for an advantage.} 19. Rh3 Rfc8 {aiming for ...c5.} 20. Rg3 {[#]} (20. Rc1 $1 $11 {remains equal.}) 20... c5 $1 $17 {[%cal Rc5d4]} 21. Qg5 {[%csl Gg3][%cal Rg5g7]} g6 22. Bb2 d4 23. f4 f6 24. Qh6 fxe5 25. h5 {[%cal Rh5g6]} Nf8 ({Wrong is} 25... exf4 $2 {[#]} 26. hxg6 $1 {[%mdl 512]} fxg3 27. Qxh7+ Kf8 28. g7+ Ke8 29. g8=Q+ $18) (25... Qf6 $17 26. hxg6 Qxf4+ 27. Qxf4 exf4 28. gxh7+ Kxh7) 26. Re1 $11 e4 {[#] And now ...Rc7 would win.} 27. Rge3 $1 {[%mdl 512]} Re8 (27... dxe3 28. Qg7#) 28. Rxe4 Qxe4 29. Rxe4 Rxe4 30. f5 ({White should play} 30. Bc1 $11) 30... Rh4 31. g4 $1 Rxg4 {Threatens to win with ...Ra7.} 32. Qc1 $1 {[%cal Rc1c4]} Re8 {Hoping for ...Re5.The position is equal.} ({Not} 32... gxh5 $2 33. Qc4+ Kg7 34. Qxc5 $18) 33. Qc4+ Kg7 {Strongly threatening ...Rf4+.} 34. Qxc5 Rf4+ 35. Kg2 Rxf5 36. Qxd4+ Kh6 37. hxg6 Rg5+ {Precision: White = 68%, Black = 67%.} 1/2-1/2

[Event "WYCC 2018 O18"]
[Site "Halkidiki"]
[Date "2018.10.22"]
[Round "4"]
[White "Bronstein, Or"]
[Black "Fakhrutdinov, Timur"]
[Result "0-1"]
[WhiteElo "2385"]
[BlackElo "2472"]
[Annotator "TA"]
[PlyCount "66"]
[EventDate "2018.10.20"]
[EventType "swiss"]
[EventCountry "GRE"]
[SourceTitle "playchess.com"]
[Source "ChessBase"]
[SourceQuality "1"]

{[%evp 21,66,27,26,-18,-28,-13,-20,-73,-67,-79,-33,-40,-35,-40,-37,-41,-34,-34,-35,-43,-36,-43,-52,-174,-159,-125,-43,-110,-93,-107,-91,-112,-112,-108,-97,-98,-100,-95,-16,-250,-254,-227,-49,-545,-528,-1212,-1206]} 1. c4 Nf6 2. Nf3 e6 3. g3 d5 4. Bg2 Be7 5. d4 O-O 6. O-O Nbd7 7. Qc2 c6 8. Nbd2 b6 9. e4 dxc4 10. Nxc4 Bb7 11. Rd1 c5 {LiveBook: 18 Games} 12. d5 {E09: Closed Catalan: Main Line: 7 Qc2 c6 8 Nbd2} (12. Ng5 h6 13. e5 Bxg2 14. exf6 Nxf6 15. Kxg2 hxg5 16. dxc5 Qc7 17. cxb6 axb6 18. Qe2 Rfc8 19. b3 b5 {1-0 (94) Howell,D (2698)-Lopez Martinez,J (2607) Heraklio 2017}) 12... exd5 13. exd5 Bxd5 14. Bg5 (14. g4 $11) 14... Qc7 $1 $17 15. Bf4 Qc8 (15... Qc6 $5 {[%cal Rd5f3]} 16. Qe2 Rfe8 $15) 16. Nd6 $146 ({Predecessor:} 16. Nh4 Bxg2 17. Nf5 Re8 18. Kxg2 Qc6+ 19. Kg1 Bf8 20. Ncd6 Bxd6 21. Rxd6 {0-1 (44) Dimakiling,O (2418)-Elorta,D (2363) Manila 2010}) 16... Bxd6 17. Bxd6 Rd8 {[%cal Bf8d8,Bd8d6,Bd6d4][%mdl 32]} 18. Rxd5 $1 Nxd5 19. Ng5 {[%csl Gg5][%cal Rc2h7]} N7f6 20. Bxd5 $1 Rxd6 21. Bxf7+ Kf8 $1 {Threatens to win with ...h6.} 22. Bc4 (22. Re1 $15) 22... Qg4 $19 23. f4 g6 ({Better is} 23... Re8 $17 {...h6 is the strong threat.} 24. Nxh7+ Nxh7 25. Qxh7 Qg6 26. Qxg6 Rxg6) 24. Nf7 (24. Qb3 $1 $15) 24... Rd4 $17 25. Ne5 Qf5 26. Bd3 Qe6 27. Re1 Qd5 ({Much weaker is} 27... Qxa2 $6 28. Bxg6 $1 {[%mdl 512]} Qa5 29. Nf3 $14) 28. Bc4 Qb7 29. Bb5 {Strongly threatening Bc6.} Rad8 (29... Rc8 $1 $17 {Black wants to play ...Qd5.} 30. Qb3 Rcd8) 30. Nc6 $2 (30. Qc3 $1 $11 {and White stays safe.}) 30... Rd2 $19 31. Qc3 {[#]} R8d6 $2 {[#]} ({Black should play} 31... R8d4 $1 $19 {[%mdl 512] White must now prevent ...a6.} 32. Re7 (32. Nxd4 Qg2#) 32... Qxe7 $1 {[%mdl 512]} 33. Nxe7 Kxe7) 32. Re7 $2 {[%mdl 8192]} ({White must play} 32. Re8+ $1 $15 {[%mdl 512]} Kf7 (32... Nxe8 33. Qh8+) 33. Qb3+ Kxe8 34. Na5+ Qd7 35. Bxd7+ Rxd7 36. Nc4) 32... Rd1+ 33. Kf2 Qxe7 {Precision: White = 30%, Black = 54%.} 0-1